| 000 | 00446 a2200169 4500 | ||
|---|---|---|---|
| 001 | 068987 | ||
| 003 | OSt | ||
| 005 | 20220331153611.0 | ||
| 008 | |||
| 082 |
_a658.01 _bB46B |
||
| 100 | 1 | _aBhatia, R.C. | |
| 245 | 1 |
_aBusiness organization and management _cby R.C. Bhatia |
|
| 260 |
_aNew Delhi _bAne Books _c2009 |
||
| 300 | _a327p. | ||
| 653 | _aBusiness; Industrial management; Management | ||
| 942 |
_2ddc _cBK |
||
| 999 |
_c2602 _d2602 |
||